| 000 | 00679nam a2200229 i 4500 | ||
|---|---|---|---|
| 001 | bg | ||
| 100 | 1 | _aRYLSKI, Andrzej | |
| 245 | 1 | 0 |
_aSensory i przetworniki wielkości nieelektrycznych : _bzadania / _cAndrzej Rylski. |
| 260 |
_aRzeszów : _bPolitechnika Rzeszowska im. Ignacego Łukasiewicza, _c1994. |
||
| 300 |
_a85, [2] s. : _bwykr. ; _c24 cm. |
||
| 504 | _aBibliogr. s. [87]. | ||
| 650 | 9 |
_aPomiary _xbłędy |
|
| 650 | 9 |
_aPrzetworniki _xelektrotechnika |
|
| 655 | _aĆwiczenia i zadania | ||
| 020 | _a83902468 | ||
| 040 | _cBPK | ||
| 041 | 0 | _apl | |
| 080 | _a621.317(075.8)(076) | ||
| 920 | _a83-902468 | ||
| 942 | _cKS | ||
| 008 | s pl f |000 0 pol | ||
| 999 |
_c6770 _d6770 |
||
| 856 |
_uhttp://koha.tu.koszalin.pl/cgi-bin/koha/opac-detail.pl?biblionumber=6770 _yKatalog online BPK |
||